| 000 | 00500nam a2200169 i 4500 | ||
|---|---|---|---|
| 001 | bg | ||
| 100 | 1 | _aŚWIDERSKI, Jarosław. | |
| 245 | 0 |
_aTechniczne badania właściwości materiałów i struktur półprzewodnikowych / _cJarosław Świderski. |
|
| 260 |
_aWarszawa : _bPWN, _c1975. |
||
| 490 | 1 |
_aBiblioteka Elektroniki ; _v15 |
|
| 650 | 9 | _aPółprzewodniki | |
| 830 | _aBiblioteka Elektroniki ; | ||
| 040 | _cBPK | ||
| 041 | _apol | ||
| 942 | _cKS | ||
| 008 | s pl f |000 0 pol | ||
| 999 |
_c16113 _d16113 |
||
| 856 |
_uhttp://koha.tu.koszalin.pl/cgi-bin/koha/opac-detail.pl?biblionumber=16113 _yKatalog online BPK |
||